|
|
|
|
| LEADER |
00720nab a2200181 i 4500 |
| 001 |
misc45155 |
| 005 |
20191106141038.0 |
| 008 |
181018s1996 hu o 0|| zxx d |
| 022 |
|
|
|a 1215-5233
|
| 040 |
|
|
|a SZTE Miscellanea Repozitórium
|b hun
|
| 041 |
|
|
|a zxx
|
| 100 |
1 |
|
|a Havas Péter
|
| 245 |
1 |
0 |
|a Nemzetközi környezeti nevelési tanácskozás Savonlinnában
|h [elektronikus dokumentum] :
|b "The Northern Call for Environment" /
|c Havas Péter
|
| 260 |
|
|
|c 1996
|
| 300 |
|
|
|a 47-57
|
| 490 |
0 |
|
|a Iskolakultúra
|v 6 No. 12
|
| 695 |
|
|
|a Környezeti nevelés, Környezetvédelmi nevelés, Környezetvédelem, Természetvédelem
|
| 856 |
4 |
0 |
|u http://misc.bibl.u-szeged.hu/45155/1/iskolakultura_1996_012_047-057.pdf
|z Dokumentum-elérés
|